000 00477nam a2200181Ia 4500
001 1405
005 20240113233456.0
007 ta
008 050204s1829 a g b000 u u
020 _cPB
100 _aBayer, Patricia .
245 0 _aEncyclopedia Americana: international edition /
_cPatricia Bayer et al.. .
_hTextual Documents
250 _a1st ed /
260 _aU.S.A :
_bPhilip Freidman ,
_c1829.
300 _bill ;
942 _2ddc
_cBK
999 _c1401
_d1401